Normal view
MARC view
Entry Personal Name
001 - CONTROL NUMBER
- control field: 32115
003 - CONTROL NUMBER IDENTIFIER
- control field: OSt
005 - DATE AND TIME OF LATEST TRANSACTION
- control field: 20260630124924.0
008 - FIXED-LENGTH DATA ELEMENTS
- fixed length control field: 260630|| aca||aabn | a|a d
040 ## - CATALOGING SOURCE
- Original cataloging agency: OSt
- Transcribing agency: OSt
100 ## - HEADING--PERSONAL NAME
- Personal name: Pickering J. Debra
670 ## - SOURCE DATA FOUND
- Source citation: Work cat.: (OSt)25662: Marzano J. Robert 30808, Building Academic Vocabulary , 2005
